Signal. image. architecture. : (Record no. 607966)

000 -LEADER
fixed length control field 01290cam a22003378i 4500
001 - CONTROL NUMBER
control field 20956310
003 - CONTROL NUMBER IDENTIFIER
control field OSt
005 - DATE AND TIME OF LATEST TRANSACTION
control field 20240221104156.0
008 - FIXED-LENGTH DATA ELEMENTS--GENERAL INFORMATION
fixed length control field 190501s2019 nyu b 001 0 eng
010 ## - LIBRARY OF CONGRESS CONTROL NUMBER
LC control number 2019020856
020 ## - INTERNATIONAL STANDARD BOOK NUMBER
International Standard Book Number 9781941332467 (pbk. : alk. paper)
040 ## - CATALOGING SOURCE
Original cataloging agency DLC
Language of cataloging eng
Description conventions rda
Transcribing agency DLC
042 ## - AUTHENTICATION CODE
Authentication code pcc
050 00 - LIBRARY OF CONGRESS CALL NUMBER
Classification number NA2500
Item number .M377 2019
082 00 - DEWEY DECIMAL CLASSIFICATION NUMBER
Classification number 720.1
Edition number 23
Author Mark MAY
100 1# - MAIN ENTRY--PERSONAL NAME
Personal name May, John
Titles and words associated with a name (Architect),
Relator term author.
9 (RLIN) 120994
245 10 - TITLE STATEMENT
Title Signal. image. architecture. :
Remainder of title everything is already an image /
Statement of responsibility, etc. John May.
260 ## - PUBLICATION, DISTRIBUTION, ETC.
Place of publication, distribution, etc. New York:
Name of publisher, distributor, etc. Columbia Books;
Date of publication, distribution, etc. 2019.
263 ## - PROJECTED PUBLICATION DATE
Projected publication date 1908
300 ## - PHYSICAL DESCRIPTION
Extent 143p.;
504 ## - BIBLIOGRAPHY, ETC. NOTE
Bibliography, etc. note Includes bibliographical references and index.
505 0# - FORMATTED CONTENTS NOTE
Formatted contents note myelectriceye -- Three axioms x three storage formats -- What orthography was -- Real time : the state of management -- The automatic present (or, The politics of very large numbers) -- Telemasis.
650 #0 - SUBJECT ADDED ENTRY--TOPICAL TERM
Topical term or geographic name entry element Architecture
General subdivision Philosophy.
9 (RLIN) 10589
650 #0 - SUBJECT ADDED ENTRY--TOPICAL TERM
Topical term or geographic name entry element Image (Philosophy)
9 (RLIN) 120995
650 #0 - SUBJECT ADDED ENTRY--TOPICAL TERM
Topical term or geographic name entry element Architecture and technology.
9 (RLIN) 10591
650 #0 - SUBJECT ADDED ENTRY--TOPICAL TERM
Topical term or geographic name entry element Digital images.
9 (RLIN) 120996
906 ## - LOCAL DATA ELEMENT F, LDF (RLIN)
a 7
b cbc
c orignew
d 1
e ecip
f 20
g y-gencatlg
942 ## - ADDED ENTRY ELEMENTS (KOHA)
Source of classification or shelving scheme
Koha item type Book
Institution code [OBSOLETE] SADA
Call number prefix 720.1 MAY 2019
Holdings
Withdrawn status Lost status Source of classification or shelving scheme Damaged status Not for loan Permanent Location Current Location Date acquired Source of acquisition Total Checkouts Full call number Barcode Date last seen Cost, replacement price Price effective from Koha item type
          School of Art Design and Architecture (SADA) School of Art Design and Architecture (SADA) 10/02/2020 Golden Books   720.1 MAY 2019 SADA0002844 02/21/2024 3591.55 02/21/2024 Book
© 2023 Central Library, National University of Sciences and Technology. All Rights Reserved.